Texas DWI manual / (Registro nro. 173655)

Detalles MARC
000 -LEADER
fixed length control field 01134nam a22003491i 4500
001 - CONTROL NUMBER
control field bslw10111302
006 - FIXED-LENGTH DATA ELEMENTS--ADDITIONAL MATERIAL CHARACTERISTICS--GENERAL INFORMATION
fixed length control field m o d
007 - PHYSICAL DESCRIPTION FIXED FIELD--GENERAL INFORMATION
fixed length control field cr un ---uuuua
008 - FIXED-LENGTH DATA ELEMENTS--GENERAL INFORMATION
fixed length control field 231219s2017 cauabcd o 001 0 eng d
020 ## - INTERNATIONAL STANDARD BOOK NUMBER
International Standard Book Number 9781945421693
035 ## -
-- 42171
040 ## - CATALOGING SOURCE
Original cataloging agency UtOrBLW
Language of cataloging eng
Description conventions rda
Transcribing agency UtOrBLW
043 ## -
-- n-us-tx
050 #4 -
-- KFT1497.8
-- .G73 2018
082 04 -
-- 345.7640247
-- 23
100 1# - MAIN ENTRY--PERSONAL NAME
Personal name Grant, Deandra M.,
Relator term author.
245 10 - TITLE STATEMENT
Title Texas DWI manual /
Statement of responsibility, etc by Deandra M. Grant, JD, GC, MS and Kimberly GriffinTucker, JD.
250 ## -
-- Revision 4.
264 #1 -
-- Costa Mesa, CA :
-- James Publishing,
-- 2017.
300 ## - PHYSICAL DESCRIPTION
Extent 1 online resource (various paging) :
Other physical details illustrations, charts, forms, map, portraits
336 ## -
-- text
-- txt
-- rdacontent
337 ## -
-- computer
-- c
-- rdamedia
338 ## -
-- online resource
-- cr
-- rdacarrier
500 ## - GENERAL NOTE
General note Includes index.
650 #0 - SUBJECT ADDED ENTRY--TOPICAL TERM
Topical term or geographic name as entry element Criminal law
Geographic subdivision Texas.
650 #0 - SUBJECT ADDED ENTRY--TOPICAL TERM
Topical term or geographic name as entry element Trial practice
Geographic subdivision Texas.
650 #0 - SUBJECT ADDED ENTRY--TOPICAL TERM
Topical term or geographic name as entry element Drunk driving
Geographic subdivision Texas.
700 1# - ADDED ENTRY--PERSONAL NAME
Personal name Tucker, Kimberly Griffin,
Relator term author.
856 40 - LOCALIZACIÓN Y ACCESO ELECTRÓNICO
Identificador Uniforme del Recurso (URI/URL) https://app.vlex.com/#/sources/42171
942 ## -
-- RAA
999 ## -
-- 173655
-- 173655

No hay ítems disponibles.


CONTACTO


NOSOTROS


SITIOS DE INTERES

coordinacion.biblioteca.biblioteca@unienlinea.mx Misión, Visión y Objetivos Bases de datos
Directorio Bibliotecas Digitales y Repositorios
Normatividad Revistas y artículos
Convenios interbibliotecarios
Boletines



Hecho en México. Universidad Insurgentes (UIN). Todos los derechos reservados 2024. Esta página y sus contenidos pueden ser reproducidos con fines no lucrativos, siempre y cuando no se mutile, se cite la fuente completa y su dirección electrónicas. De otra forma requiere permiso previo por escrito de la institución




2024 Copyright Universidad Insurgentes | www.bibliouin.com.mx